Zákon č. 595/2003 o dani z príjmov s komentárom
Zákon č. 595/2003 Z.z. o dani z príjmov v znení ďalších zákonov ... a zákona č. 504/2009 Z.z. a zákona č. 563/2009. Zákon upravuje daň z príjmov fyzickej alebo právnickej osoby, spôsob platenia a vyberania dane.
Enregistré dans:
| Auteur principal: | |
|---|---|
| Autres auteurs: | , , |
| Format: | Chapitre de livre |
| Langue: | slovaque |
| Sujets: | |
| Tags: |
Pas de tags, Soyez le premier à ajouter un tag!
|
MARC
| LEADER | 00000naa$a2200000$$$4500 | ||
|---|---|---|---|
| 001 | 0111088 | ||
| 005 | 20231120083607.6 | ||
| 041 | 0 | |a slo | |
| 044 | |a SK | ||
| 245 | 1 | 0 | |a Zákon č. 595/2003 o dani z príjmov s komentárom |c Miroslava Brnová, Michaela Vidová, Zuzana Vincúrová, Lucia Štofanová |
| 520 | |a Zákon č. 595/2003 Z.z. o dani z príjmov v znení ďalších zákonov ... a zákona č. 504/2009 Z.z. a zákona č. 563/2009. Zákon upravuje daň z príjmov fyzickej alebo právnickej osoby, spôsob platenia a vyberania dane. | ||
| 610 | 2 | 0 | |a dane z príjmov |
| 610 | 2 | 0 | |a zákony |
| 610 | 2 | 0 | |a Slovensko |
| 610 | 2 | 0 | |a 2003-2009 |
| 100 | 1 | |a Brnová, Miroslava | |
| 700 | 1 | |a Vidová, Michaela | |
| 700 | 1 | |a Vincúrová, Zuzana | |
| 700 | 1 | |a Štofanová, Lucia | |